| 000 | 01155nam a22003377a 4500 | ||
|---|---|---|---|
| 003 | CHAP | ||
| 005 | 20220329143904.0 | ||
| 008 | 120614s2009 r 00010 eng d | ||
| 010 | _a103298 | ||
| 011 | _a104270 | ||
| 020 | _a9783805592611 | ||
| 035 | _a114960 | ||
| 040 | _cCHAP | ||
| 082 | 0 | 4 |
_a613.28 _bF26 |
| 245 | 0 | 0 |
_aFats and fatty acids in human nutrition : _bjoint FAO/WHO expert consultation, November 10-14, 2008, Geneva.Switzerland _c/editado por B. Burlingame ...[et al.] |
| 260 |
_aBasel : _bKarger, _cc2009 |
||
| 300 |
_a308 p. : _bilus. |
||
| 500 | _aFAO Food and Nutrition Paper | ||
| 500 | _aNom. Rev. Annals of nutrition & metabolism | ||
| 590 |
_aBATCH-UPD _b10 _c20130110 _lUCH01 _h1517 |
||
| 590 |
_aBATCH-UPD _b10 _c20130410 _lUCH01 _h0931 |
||
| 590 |
_aBATCH-UPD _b10 _c20130914 _lUCH01 _h0757 |
||
| 590 |
_aCONVERSION _b10 _c20130109 _lUCH01 _h1357 |
||
| 650 | 1 | 4 |
_aDietas. _932541 |
| 650 | 1 | 4 |
_aGrasas _xMetabolismo. _950443 |
| 650 | 1 | 4 |
_aNutrición. _982246 |
| 700 | 1 |
_aBurlingame, B. _e, ed. _916225 |
|
| 901 | _aBK | ||
| 942 | _cLIBRO | ||
| 949 |
_a613.28 F26 _bBC _cLIBRO _d33724002138439 _eLIBRO _gDonaciØn _h116866 _i114960 _sb |
||
| 999 |
_c103298 _d103298 |
||